To permit States to transfer certain funds from the clean water revolving fund of a State to the drinking water revolving fund of the State in certain circumstances, and for other purposes : report (to accompany S. 1689) (including cost estimate of the Congressional Budget Office).

Bibliographic Details
Corporate Author: United States. Congress. Senate. Committee on Environment and Public Works (Author)
Format: Government Document eBook
Language:English
Published: [Washington, D.C.] : [U.S. Government Publishing Office], [2019]
Series:Report / 116th Congress, 1st session, Senate ; 116-63
Subjects:
Online Access:https://purl.fdlp.gov/GPO/gpo123859

MARC

Tag First Indicator Second Indicator Subfields
LEADER 00000cam a2200000 i 4500
001 in00004087713
005 20210514090219.0
006 m o d f
007 cr |||||||||||
008 190802s2019 dcu o f000 0 eng c
035 |a (OCoLC)on1111089648 
042 |a pcc 
043 |a n-us--- 
040 |a GPO  |b eng  |e rda  |e pn  |c GPO  |d GPO  |d OCLCF  |d GPO  |d MvI 
049 |a WWW 
050 4 |a KF31  |b .E58 2019i 
074 |a 1008-G (online) 
086 0 |a Y 1.1/5:116-63 
110 1 |a United States.  |b Congress.  |b Senate.  |b Committee on Environment and Public Works,  |e author. 
245 1 0 |a To permit States to transfer certain funds from the clean water revolving fund of a State to the drinking water revolving fund of the State in certain circumstances, and for other purposes :  |b report (to accompany S. 1689) (including cost estimate of the Congressional Budget Office). 
264 1 |a [Washington, D.C.] :  |b [U.S. Government Publishing Office],  |c [2019] 
300 |a 1 online resource (4 pages). 
336 |a text  |b txt  |2 rdacontent 
337 |a computer  |b c  |2 rdamedia 
338 |a online resource  |b cr  |2 rdacarrier 
490 1 |a Report / 116th Congress, 1st session, Senate ;  |v 116-63 
588 |a Description based on online resource; title from PDF title screen (govinfo web site, viewed on Aug. 2, 2019). 
500 |a Superseded by Star Print (OCoLC)1112252624. 
500 |a "July 23, 2019." 
650 0 |a Revolving funds  |z United States  |x States. 
650 0 |a Water quality management  |x Law and legislation  |z United States  |x States. 
650 0 |a Finance, Public  |x Law and legislation  |z United States  |x States. 
650 7 |a Finance, Public  |x Law and legislation  |x U.S. states.  |2 fast  |0 (OCoLC)fst00924561 
650 7 |a Revolving funds  |x U.S. states.  |2 fast  |0 (OCoLC)fst01096784 
655 7 |a Legislative materials.  |2 fast  |0 (OCoLC)fst01774285 
655 7 |a Legislative materials.  |2 lcgft 
776 0 8 |i Print version:  |a United States. Congress. Senate. Committee on Environment and Public Works.  |t To permit States to transfer certain funds from the clean water revolving fund of a State to the drinking water revolving fund of the State in certain circumstances, and for other purposes  |w (OCoLC)1111089499 
776 0 8 |i Microfiche version:  |a United States. Congress. Senate. Committee on Environment and Public Works.  |t To permit States to transfer certain funds from the clean water revolving fund of a State to the drinking water revolving fund of the State in certain circumstances, and for other purposes  |w (OCoLC)1246630546 
810 1 |a United States.  |b Congress.  |b Senate.  |t Report ;  |v 116-63. 
856 4 0 |u https://purl.fdlp.gov/GPO/gpo123859  |t 0 
999 f f |s 6b3b6bab-0b61-39ab-9054-4c0c55d092ba  |i c58e7858-9a01-3ba6-9f22-f32e7de19583  |t 0 
952 f f |a Texas A&M University  |b College Station  |c Electronic Resources  |d Available Online  |t 0  |e Y 1.1/5:116-63  |h Superintendent of Documents classification 
998 f f |a Y 1.1/5:116-63  |t 0  |l Available Online